000 00409nam a22001697a 4500
003 OSt
005 20211103091249.0
008 211103b |||||||| |||| 00| 0 eng d
020 _a0-333-68355-2
040 _cHawassa University
050 _a636.08/DEL
_b2
082 _a636.08/DEL
_b2
100 _aDelabarre,M.A.
_916682
245 _aRubber
260 _aLondon
_bMacmillan
_c1995
942 _2ddc
_cBOOKS
_n0
999 _c16383
_d16383